College Football Cities (FCS) - Statistics

General Stats
  • This quiz has been taken 356 times
    287 since last reset
  • The average score is 53 of 128
Answer Stats
College Football Team City State % Correct
________ State Vikings Portland OR
80%
________ State Hornets Sacramento CA
80%
UC ________ Aggies Davis CA
77%
Columbia Lions New York NY
75%
Fordham Rams New York NY
75%
________ Spiders Richmond VA
75%
Eastern Kentucky Colonels Richmond KY
75%
________ State Tigers Jackson MS
71%
________ Southern Buccaneers North Charleston SC
71%
Eastern Illinois Panthers Charleston IL
70%
The Citadel Bulldogs Charleston SC
70%
Howard Bison Washington D.C. ---
68%
Georgetown Hoyas Washington D.C. ---
68%
________ State Penguins Youngstown OH
68%
Montana State Bobcats Bozeman MT
67%
Wagner Seahawks New York NY
67%
________ Great Danes Albany NY
66%
________ Baptist Huskies Houston TX
66%
Texas Southern Tigers Houston TX
66%
Idaho Vandals Moscow ID
66%
________ State Gamecocks Jacksonville AL
65%
________ Dolphins Jacksonville FL
65%
________ Tigers Princeton NJ
65%
Brown Bears Providence RI
65%
North Dakota State Bison Fargo ND
63%
Montana Grizzlies Missoula MT
63%
________ Flyers Dayton OH
62%
Penn Quakers Philadelphia PA
62%
Arkansas-________ Golden Lions Pine Bluff AR
62%
Delaware State Hornets Dover DE
61%
Northern Arizona Lumberjacks Flagstaff AZ
60%
Duquesne Dukes Pittsburgh PA
60%
________ Mocs Chattanooga TN
59%
UT ________ Skyhawks Martin TN
59%
________ Toreros San Diego CA
56%
________ Christian Wildcats Abilene TX
55%
Yale Bulldogs New Haven CT
55%
________ State Spartans Norfolk VA
55%
________ State Racers Murray KY
54%
Drake Bulldogs Des Moines IA
53%
________ Phoenix Elon NC
53%
________ State Owls Kennesaw GA
52%
Tennessee State Tigers Nashville TN
51%
Harvard Crimson Cambridge MA
50%
________ Seawolves Stony Brook NY
49%
Butler Bulldogs Indianapolis IN
48%
Cal Poly Mustangs San Luis Obispo CA
47%
Missouri State Bears Springfield MO
47%
Florida A&M Rattlers Tallahassee FL
46%
________ A&M Panthers Prairie View TX
45%
________ Tigers Towson MD
45%
Samford Bulldogs Birmingham AL
44%
North Dakota Fighting Hawks Grand Forks ND
44%
Cornell Big Red Ithaca NY
44%
________ Wildcats Davidson NC
43%
New Hampshire Wildcats Durham NH
43%
NC Central Eagles Durham NC
43%
Sam Houston State Bearkats Huntsville TX
43%
Alabama State Hornets Montgomery AL
43%
Idaho State Bengals Pocatello ID
43%
________ Pirates Hampton VA
42%
Weber State Wildcats Ogden UT
42%
Morgan State Bears Baltimore MD
41%
________ Crusaders Valparaiso IN
41%
________ Wildcats Villanova PA
41%
William & Mary Tribe Williamsburg VA
41%
________ State Tigers Grambling LA
40%
Incarnate Word Cardinals San Antonio TX
40%
James Madison Dukes Harrisonburg VA
39%
________ State Eagles Morehead KY
39%
Delaware Fightin' Blue Hens Newark DE
39%
South Dakota State Jackrabbits Brookings SD
38%
Northern Colorado Bears Greeley CO
38%
NC A&T Aggies Greensboro NC
38%
Furman Paladins Greenville SC
38%
Dixie State Trailblazers St. George UT
38%
Southern Jaguars Baton Rouge LA
37%
Indiana State Syacmores Terre Haute IN
35%
Mercer Bears Macon GA
34%
Wofford Terriers Spartanburg SC
34%
Bethune-Cookman Wildcats Daytona Beach FL
33%
South Dakota Cyclones Vermillion SD
32%
Illinois State Redbirds Normal IL
31%
Alabama A&M Bulldogs Normal AL
31%
Southern Illinois Salukis Carbondale IL
29%
Eastern Washington Eagles Cheney WA
29%
Maine Black Bears Orono ME
29%
Dartmouth Big Green Hanover NH
28%
East Tennessee State Buccaneers Johnson City TN
28%
Holy Cross Crusaders Worcester MA
27%
Southern Utah Thunderbirds Cedar City UT
26%
Central Arkansas Bears Conway AR
26%
Austin Peay Governors Clarksville TN
25%
McNeese State Cowboys Lake Charles LA
25%
Southeast Missouri State Redhawks Cape Girardeau MO
23%
Northern Iowa Panthers Cedar Falls IA
23%
South Carolina State Bulldogs Orangeburg SC
23%
North Alabama Lions Florence AL
22%
Lehigh Mountain Hawks Bethlehem PA
21%
Stetson Hatters DeLand FL
20%
Lafayette Leopards Easton PA
20%
VMI Keydets Lexington VA
20%
Lamar Cardinals Beaumont TX
19%
Rhode Island Rams Kingston RI
19%
Western Illinois Leathernecks Macomb IL
19%
Gardner-Webb Runnin' Bulldogs Boiling Springs NC
18%
Campbell Fighting Camels Buies Creek NC
18%
Presbyterian Blue Hose Clinton SC
18%
Tennessee Tech Golden Eagles Cookeville TN
17%
Stephen F. Austin Lumberjacks Nacogdoches TX
17%
Marist Red Foxes Poughkeepsie NY
17%
Tarleton State Texans Stephenville TX
17%
Western Carolina Catamounts Cullowhee NC
15%
Sacred Heart Pioneers Fairfield CT
15%
Southeastern Louisiana Lions Hammond LA
15%
Northwestern State Demons Natchitoches LA
15%
Colgate Raiders Hamilton NY
14%
Mississippi Valley State Delta Devils Itta Bena MS
14%
Bucknell Bison Lewisburg PA
14%
Robert Morris Colonials Moon Township PA
14%
Monmouth Hawks West Long Branch NJ
13%
Central Connecticut Blue Devils New Britain CT
12%
St. Francis Red Flash Loretto PA
11%
Alcorn State Braves Lorman MS
11%
Bryant Bulldogs Smithfield RI
11%
Nicholls State Colonels Thibodaux LA
11%
Merrimack Warriors North Andover MA
9%
LIU Sharks Brookville NY
8%
No matching quizzes found
Score Distribution
Percent of People with Each Score
Percentile by Number Answered
Your Score History
You have not taken this quiz since the last reset